| 000 | 00931nam a22002297a 4500 | ||
|---|---|---|---|
| 005 | 20240530110624.0 | ||
| 008 | 170102s2015 ua a f b 000 0 ara d | ||
| 017 |
_a2015/3119 _bمصر. دار الكتب |
||
| 020 | _a9789773223489 | ||
| 040 |
_aEG-CaGPL _cEG-CaGPL |
||
| 082 | 0 | 4 |
_221 _a305.8924 _bق/ق ى |
| 100 | 0 | _aقاسم عبده قاسم . | |
| 245 | 1 | 2 |
_aاليهود فى مصر : _bمن الفتح الاسلامى حتى الغزو العثمانى : قراءة فى تاريخ مصر الاجتماعى / _cقاسم عبده قاسم . |
| 250 | _aط.1 | ||
| 260 |
_aالقاهرة : _bعين للدراسات و البحوث الانسانية و الاجتماعية ، _c2015 . |
||
| 300 |
_a176 ص ؛ _c24 سم . |
||
| 504 | _aببليوجرافية : ص 165 - 176 | ||
| 650 | 0 | 7 |
_2qrmak _aاليهود فى مصر . |
| 651 | _2qrmak | ||
| 942 |
_2ddc _cBK |
||
| 999 |
_c63122 _d63122 |
||